Dangers of confined spaces (Record no. 72370)

MARC details
000 -LEADER
fixed length control field 00918cam a2200241 4500
001 - CONTROL NUMBER
control field WB3912-04
008 - FIXED-LENGTH DATA ELEMENTS--GENERAL INFORMATION
fixed length control field 030327n2003 000 0 eng u
035 ## - SYSTEM CONTROL NUMBER
System control number (Sirsi) u121769
245 ## - TITLE STATEMENT
Title Dangers of confined spaces
260 ## - PUBLICATION, DISTRIBUTION, ETC.
Date of publication, distribution, etc. 2003
490 ## - SERIES STATEMENT
Series statement HSE News Release
Volume/sequential designation (E048:03) 26 March 2003 (2)
520 ## - SUMMARY, ETC.
Summary, etc. The Health and Safety Executive (HSE) has reminded employers of the dangers of confined spaces, following four deaths in four weeks. The incidents involved an oxygen deficient atmosphere and the use of a highly flammable liquid. http://www.gnn.gov.uk/gnn/national.nsf/Daily+News/75C754D03D6F5A8F80256CF50046EC50?opendocument
590 ## - LOCAL NOTE (RLIN)
Local note WB
650 ## - SUBJECT ADDED ENTRY--TOPICAL TERM
Topical term or geographic name entry element HSE
650 ## - SUBJECT ADDED ENTRY--TOPICAL TERM
Topical term or geographic name entry element FATAL ACCIDENTS
650 ## - SUBJECT ADDED ENTRY--TOPICAL TERM
Topical term or geographic name entry element ACCIDENTS AT WORK
650 ## - SUBJECT ADDED ENTRY--TOPICAL TERM
Topical term or geographic name entry element CONFINED SPACES
650 ## - SUBJECT ADDED ENTRY--TOPICAL TERM
Topical term or geographic name entry element EMPLOYERS
650 ## - SUBJECT ADDED ENTRY--TOPICAL TERM
Topical term or geographic name entry element GUIDANCE
650 ## - SUBJECT ADDED ENTRY--TOPICAL TERM
Topical term or geographic name entry element CONFINED SPACES REGULATIONS 1997
690 ## - LOCAL SUBJECT ADDED ENTRY--TOPICAL TERM (OCLC, RLIN)
Topical term or geographic name as entry element BUILT ENVIRONMENT
942 ## - ADDED ENTRY ELEMENTS (KOHA)
Suppress in OPAC 0
Holdings
Withdrawn status Lost status Source of classification or shelving scheme Damaged status Not for loan Home library Current library Shelving location Date acquired Total Checkouts Full call number Barcode Date last seen Copy number Price effective from Koha item type
    Dewey Decimal Classification     London London News article 27/03/2003   WB3912-04 121769-1001 06/08/2019 1 06/08/2019 News article